Pokémon aus der Hisui-Region - Statistiken

Allgemein
  • Dieses Quiz wurde 15 mal gespielt
  • Das Durchschnittsergebnis liegt bei 22 aus 26
Antwortstatistiken
Hint Antwort % Korrekt
503 Admurai
100%
900 Axantor
100%
211 Baldorfish
100%
899 Damythir
100%
724 Silvarro
100%
157 Tornupto
100%
059 Arkani
91%
713 Arktilas
91%
550 Barschuft
91%
058 Fukano
91%
101 Lektroball
91%
904 Myriador
91%
903 Snieboss
91%
100 Voltobal
91%
628 Washakwil
91%
902 Salmagnis
82%
215 Sniebel
82%
571 Zoroark
82%
570 Zorua
82%
905 Cupidos
73%
483 Dialga
73%
549 Dressella
73%
484 Palkia
73%
901 Ursaluna
73%
705 Viscargot
64%
706 Viscogon
64%
Keine übereinstimmenden Quizze gefunden
Verteilung der Resultate
Anzahl Personen mit jedem Resultat
Perzentil nach korrekt beantworteten Fragen
Ihre Resultats-Entwicklung
Sie haben dieses Quiz noch nicht gespielt